| 000 | 00555nam a22001577a 4500 | ||
|---|---|---|---|
| 020 | _qHard Cover. | ||
| 082 | _a620.005 | ||
| 100 | _aChaudhry, Ahmad Shuja | ||
| 245 |
_aAnalyzing the Impact of Emotional Intelligence Competencies on Organizational Commitment / _cAhmad Shuja Chaudhry. |
||
| 260 |
_aIslamabad: _bCEME - NUST, _c2016. |
||
| 300 |
_a95 p. : _bill. ; _c30cm. |
||
| 650 |
_aEngineering Management MS-Thesis. _916065 |
||
| 700 |
_aDr. Muhammad Tahir Nawaz. _917292 |
||
| 942 |
_2ddc _cTHE |
||
| 999 |
_c540612 _d540612 |
||